LEADER 01337nam a2200325 a 4500 001 000000121123 003 CaOOAMICUS 005 20100409142538.0 008 100409t2009 it u000 u ita r 020 $a978-88-217-3105-1 040 $aPUL$bita$dReb 082 04$a346.015 100 1 $aFacci, Giovanni.$0(OLS)http://pul/name/66319 245 12$aI nuovi danni nella famiglia che cambia /$cFacci, Giovanni. 250 $a2. ed. 260 $a[S.l.] :$bIpsoa,$c©2009. 300 $axii, 375 p. ;$c24 cm. 490 1 $aNuovi percorsi di diritto di famiglia ;$v6 504 $aBibliografia in nota. 650 4$aDanni (diritto).$0(OLS)http://pul/subject/18815 650 4$aFamiglia (diritto).$0(OLS)http://pul/subject/1842 830 0$aNuovi percorsi di diritto di famiglia ;$v6.$0(OLS)http://pul/title/136074 850 $aPUL 852 $aPUL$W1$xSL Diritto e Scienze Sociali 3$y79$m346. 015 FAUGI 1$j138883$qDDC 21$B138122$CPULBib$Z2$F138122 $H111644 $82 941 1 $a9 960 $aDanno (diritto)$918815 996 $6020$a978-88-217-3105-1$9(OLS)http://pul/number/143784 996 $6082$a346.015$9(OLS)http://pul/classification/383 996 $6245$aI nuovi danni nella famiglia che cambia$9(OLS)http://pul/title/136075 996 $6260$a[S.l.] :$bIpsoa$9(OLS)http://pul/publisher/77155 LEADER 01585nam a2200349 a 4500 001 000000176063 003 CaOOAMICUS 005 20230901124635.0 008 230901s2023 it 100 u ita r 020 $a978-88-6512-918-0* 032 $aLibriCat 040 $aPUL$bita 082 14$a262.9 100 1 $aFavaro, Andrea.$0(OLS)http://pul/name/113104 245 10$aAutoritą aut/et autonomia :$bprolegomeni di filosofia del diritto canonico /$cAndrea Favaro. 260 $aVenezia :$bMarcianum Press,$c©2023. 300 $a200 p. ;$c24 cm 490 1 $aMonografie (Marcianum Press) ;$v26 504 $aBibliografia in nota a pič pagina. 710 2 $aFacoltą di Diritto canonico San Pio X di Venezia.$0(OLS)http://pul/name/76329 830 0$aMonografie (Marcianum Press) ;$v26.$0(OLS)http://pul/title/119473 850 $aPUL 852 $aPUL$W1$xSL Diritto Canonico 3$y77$m262. 9 DCPIOX 4.26$j200225$qDDC 21$B205008$CPULBib$Z2$F205008 $H136432 $82 910 $aIstituto di Diritto Canonico San Pio X$bConvegno$976329 910 $aIstituto di Diritto Canonico San Pio X$bConvegno$976329 941 1 $a9 983 0$aMonografie (Facoltą di diritto canonico San Pio X, Venezia) 996 $6020$a978-88-6512-918-0*$9(OLS)http://pul/number/169278 996 $6082$a262.9$9(OLS)http://pul/classification/369 996 $6245$aAutoritą aut/et autonomia :$bprolegomeni di filosofia del diritto canonico$9(OLS)http://pul/title/217564 996 $6260$aVenezia :$bMarcianum Press$9(OLS)http://pul/publisher/79046